| 000 | 00820nam a22002297a 4500 | ||
|---|---|---|---|
| 005 | 2010092300390.0 | ||
| 008 | 100923t xxu||||| |||| 00| 0 eng d | ||
| 010 | _aENG-101540 | ||
| 020 |
_c125.00 _a9788185194929 |
||
| 035 | _aEN-85073 | ||
| 037 | _bDBAD/PUB | ||
| 040 |
_adpl _bEnglish |
||
| 082 | _a230.65 | ||
| 100 |
_921271 _aGoel, Ramkumar |
||
| 245 |
_aGateway to heaven / _cby Ramkumar Goel |
||
| 260 |
_aSecunderabad _bSuraj Public Welfare Trust _c2010 |
||
| 270 |
_aIII Fioor, Surya Towers,105, S.P. Road, _bSecunderabad _e500003 |
||
| 300 |
_axxvi,216p. _c22cm (pbk) |
||
| 700 | _921394 | ||
| 942 |
_2ddc _cEN _mGOE _h230.65 |
||
| 999 |
_c47654 _d47654 |
||